Relámpagos de lo invisible : antología /

Uloženo v:
Podrobná bibliografie
Hlavní autor: Orozco, Olga (autor)
Médium: Kniha
Jazyk:španělština
Vydáno: Buenos Aires, Argentina : Fondo de Cultura Económica, 1998, c1997
Témata:
Tagy: Přidat tag
Žádné tagy, Buďte první, kdo vytvoří štítek k tomuto záznamu!

MARC

LEADER 00000nam^a2200000^a^4500
001 000299453
005 20250521000000.0
009 20260310112439.736
020 |a 950-557-240-9 
037 |a Acervo ITESO - Biblioteca 
041 |a ESP 
082 |a 861.  |b ORO 
100 |a Orozco, Olga  |e (autor) 
245 1 0 |a Relámpagos de lo invisible :  |b antología /  |c O. Orozco ; selec. y prol. de Horacio Zabaljáuregui. 
264 4 |a Buenos Aires, Argentina :  |b Fondo de Cultura Económica,  |c 1998, c1997 
300 |a 312 p. 
336 |a texto  |b txt  |2 rdacontenido 
337 |a sin mediación  |b n  |2 rdamedio 
338 |a volumen  |b nc  |2 rdasoporte 
545 0 |a Olga Orozco (Toya, La Pampa, en 1920-Buenos Aires, 1999), poeta y cuentista argentina, es una de las principales exponentes de la poesía latinoamericana. Egresada de la Facultad de Filosofía y Letras de Buenos Aires, realizó estudios en Europa; fue becaria del Fondo Nacional de las Artes y del gobierno de Italia. Como periodista, utilizó diferentes seudónimos para los cada estilo en que escribía y dirigió varias revistas; también fue actriz radiofónica. Generacionalmente, se le vincula con la generación Tercera Vanguardia, de tendencia surrealista, y con la Generación del 40, aunque su obra tiene características personales muy definidas; su poesía es introspectiva y subjetivista y tiene fuerte influencia del Antiguo Testamento: por un lado, de los textos proféticos utiliza la exaltación y la acumulación, en versículos concatenados o encabalgados; por otro, el uso de paralelismos y la temática del exilio la acercan a la lírica de los salmos; temas recurrentes en su obra son la niñez, la adolescencia, la muerte, la soledad, la memoria y la evocación del paisaje donde nació, aunque también se encuentran los relacionados con el tarot; todos ellos le permiten crear un mundo cerrado, melancólico y sofocante en que, sin embargo, trasciende la alegría de vivir. Entre otras, es autora de: Desde lejos (1946), Las muertes (1952), Los juegos peligrosos (1962), Museo salvaje (1974), El humo del incendio está subiendo (1972), Veintinueve poemas (1975), Canto a Berenice (1977), Mutaciones de la realidad (1979) y La noche a la deriva (1984). Recibió el Gran Premio de Honor de la Fundación Argentina para la Poesía en 1972; el primer Premio Municipal de Prosa, 1974 y 1976; el segundo Premio Regional de Honor del Fondo Nacional de las Artes, 1980; segundo Premio Nacional de Poesía, 1983. En 1998 fue honrada con el Premio de Literatura Latinoamericana y del Caribe Juan Rulfo. 
649 |a XX 
650 |a Poesía Argentina 
650 |a Literatura Argentina -  |y Siglo XX 
650 |a Literatura de Mujeres -  |z Argentina 
910 |a Fondo General 
920 |a Impresos - Libros 
930 |a Colección General 
940 |a Literatura 
905 |a 101 
901 |a 0500185396  |b IT1  |c LIT  |i C122999  |u 20250521 
902 |a https://opac.biblio.iteso.mx/vufind/Record/000299453